000 00539cam a22002171 4500
001 sa 68013163
003 DLC
005 20260227112620.0
008 890714s1968 ii c 000 0 beno
010 _asa 68013163
035 _a(OCoLC)20010126
040 _aDLC
_cWaU
_dDLC
042 _apremarc
050 0 0 _aPK1704
_b.S37
100 1 _aSarkar, Sudhir Chandra,
_d1892-
245 1 0 _aĀmāra kāla, Āmāra deśa.
260 _c[1968]
300 _a204 p.
_bports.
_c23 cm.
500 _aIn Bengali.
650 0 _aAuthors, Bengali.
999 _c84968
_d84968